00426nam a2200145 a 450000500170000000800410001702000180005805000190007610000230009524500460011826000160016444000460018065000300022665000240025620141022142001.0110118s19uu xx 00 eng d a9781433804229 aDVDbSch5 2009 aSchneider, Kirk J. aExistential-Humanistic Therapy over time. bAPA,c2009. aSeries VIII-Psychotherapy in six sessions aTherapy -Human treatment. aTherapy-Psycholohy.